000 00345nam a2200133 i 4500
001 bg
100 1 _aMILEWSKI, A.
245 0 _aMetody badań materiałów w pasmie bardzo wielkich częstotliwości /
_cA. Milewski.
260 _aWarszawa,
_c1983.
040 _cBPK
041 _apol
942 _cKS
008 s pl f |000 0 pol
999 _c22503
_d22503
856 _uhttp://koha.tu.koszalin.pl/cgi-bin/koha/opac-detail.pl?biblionumber=22503
_yKatalog online BPK